Hearings subcommitee to investigate the administration of the internal security act and other internal security laws of the committee on the judiciary United States senate

محفوظ في:
التفاصيل البيبلوغرافية
التنسيق: كتاب
اللغة:Undetermined
منشور في: Washington United States Governemnt Printing Office 1952
الموضوعات:
الوسوم: إضافة وسم
لا توجد وسوم, كن أول من يضع وسما على هذه التسجيلة!
Thư viện lưu trữ: Trung tâm Học liệu Trường Đại học Cần Thơ
LEADER 00643nam a2200169Ia 4500
001 CTU_91472
008 210402s9999 xx 000 0 und d
082 |a 335.73 
082 |b H436/Vol.7,7A 
245 0 |a Hearings subcommitee to investigate the administration of the internal security act and other internal security laws of the committee on the judiciary United States senate 
260 |a Washington 
260 |b United States Governemnt Printing Office 
260 |c 1952 
650 |a Institute of pacific relations,Communism 
650 |z United states 
904 |i Tuyến 
980 |a Trung tâm Học liệu Trường Đại học Cần Thơ